| 000 | 00602nam a22001577a 4500 | ||
|---|---|---|---|
| 005 | 20120323125710.0 | ||
| 020 |
_a817058003X _c00.00 |
||
| 035 | _aA-723399 | ||
| 037 |
_aDPL _bENG |
||
| 100 |
_aSri Aurobindo _944187 |
||
| 245 |
_athe Upanishads : _bTexts, translations and commentaries / _cby Sri Aurobindo |
||
| 260 |
_aPondicherry _bSri Aurobindo Ashram _c1994 |
||
| 300 |
_a466p. _c20 cms. |
||
| 942 |
_2ddc _cEN _h220.24 _mUPA |
||
| 999 |
_c64309 _d64309 |
||